The technical foundation: a prerequisite for agile development of complex systems? (notice n° 1753675)
[ vue normale ]
| 000 -LEADER | |
|---|---|
| fixed length control field | 01559cam a2200169 4500500 |
| 005 - DATE AND TIME OF LATEST TRANSACTION | |
| control field | 20260322010053.0 |
| 041 ## - LANGUAGE CODE | |
| Language code of text/sound track or separate title | fre |
| 042 ## - AUTHENTICATION CODE | |
| Authentication code | dc |
| 100 10 - MAIN ENTRY--PERSONAL NAME | |
| Personal name | Rémondeau, Estelle |
| Relator term | author |
| 245 00 - TITLE STATEMENT | |
| Title | The technical foundation: a prerequisite for agile development of complex systems? |
| 260 ## - PUBLICATION, DISTRIBUTION, ETC. | |
| Date of publication, distribution, etc. | 2026.<br/> |
| 500 ## - GENERAL NOTE | |
| General note | 31 |
| 520 ## - SUMMARY, ETC. | |
| Summary, etc. | In response to the accelerating pace of innovation, industrial companies are turning to agile project management. While agile development has emerged as an alternative to traditional development, it must be adapted to its implementation context. The result is often a hybridization of these methods with a systematic design process. However, the way agile development is adapted to a project depends on the existence of a technical foundation, a minimal technical core. The question we are interested in is what precisely is a technical foundation that enables agile development? Our study investigates the nature of such a foundation through a case study at Safran Electronics & Defense, using a research-intervention approach. Our findings describe the interplay between the technical foundation, the architecture, and user interfaces. Our contribution provides practical insights for steering agile transformations in industrial companies. |
| 700 10 - ADDED ENTRY--PERSONAL NAME | |
| Personal name | Pouilly-Cathelain, Maxime |
| Relator term | author |
| 786 0# - DATA SOURCE ENTRY | |
| Note | Vie & sciences de l'entreprise | 226-227 | 3-4 | 2026-02-03 | p. 354-374 | 2262-5321 |
| 856 41 - ELECTRONIC LOCATION AND ACCESS | |
| Uniform Resource Identifier | <a href="https://shs.cairn.info/journal-vie-sciences-de-lentreprise-2025-3-4-page-354?lang=en&redirect-ssocas=7080">https://shs.cairn.info/journal-vie-sciences-de-lentreprise-2025-3-4-page-354?lang=en&redirect-ssocas=7080</a> |
Pas d'exemplaire disponible.




Réseaux sociaux